000 00764nam a2200253Ia 4500
003 GCL
008 140319s9999 xx 000 0 ara d
040 _aGCL /
_cGCL
082 0 4 _a962.16
_bف ق
100 1 _aفييت، جاستون
245 1 0 _aالقاهرة مدينة الفن والتجارة (هدية من الاديب عبدالفتاح الجمل) /
_cفييت، جاستون
700 1 _aمصطفى العبادى
300 _a188 ص
490 _a
650 0 4 _aالاسواق
650 0 4 _aالمبانى
650 0 4 _aقلعة صلاح الدين
650 0 4 _aالشوارع
650 0 4 _aالقاهرة
650 0 4 _aالاضرحة
650 0 4 _aالاعياد
650 0 4 _aالعواصم الاسلامية
942 _2ddc
_cBK
999 _c40688
_d40688